Photo Restoration using Artificial Intelligence

Salvato in:
Dettagli Bibliografici
Autore principale: Kozubov, Artur (Autore)
Altri autori: Nguyen Thu, Giang (Relatore della tesi)
Natura: Manoscritto Libro
Lingua:slovacco
inglese
Pubblicazione: 2025
Soggetti:
Accesso online:http://is.stuba.sk/zp/portal_zp.pl?podrobnosti=169654
Tags: Aggiungi Tag
Nessun Tag, puoi essere il primo ad aggiungerne!!

MARC

LEADER 00000ntm a22000003a 4500
001 stuzp102806
003 SK-STU
005 20250614211427.2
007 ta
008 150427s2015----xo-----f-mn---000-0-slo-d
040 |a STU  |b slo 
041 0 |a eng 
100 1 |a Kozubov, Artur  |u 070200  |4 aut  |U FIIT Fakulta informatiky a informačných technológií  |T FIIT Ústav informatiky, informačných systémov a softvérového inžinierstva  |X 116700  |U I200  |Y 179  |7 116700 
242 0 1 |a Photo Restoration using Artificial Intelligence  |y slo 
245 1 0 |a Photo Restoration using Artificial Intelligence 
260 |c 2025 
650 4 |a Image defects  |2 eng 
650 4 |a Neural Networks  |2 eng 
650 4 |a Deep Learning  |2 eng 
650 4 |a Photo Restoration  |2 eng 
650 4 |a Hlboké učenie  |2 slo 
650 4 |a Neurónové siete  |2 slo 
650 4 |a Defekty obrazu  |2 slo 
650 4 |a Obnova fotografií  |2 slo 
700 1 |a Nguyen Thu, Giang  |u 070200  |k Z1  |4 ths  |U FIIT Fakulta informatiky a informačných technológií  |T FIIT Ústav informatiky, informačných systémov a softvérového inžinierstva  |X 90747  |U I200  |Y 179  |7 90747 
856 4 |u http://is.stuba.sk/zp/portal_zp.pl?podrobnosti=169654